书目信息 |
| 题名: |
世界地图集
|
|
| 作者: | ;地图出版社 编制 | |
| 分册: | ||
| 出版信息: | 北京 地图出版社 1978.05 |
|
| 页数: | 85幅 | |
| 开本: | 26cm | |
| 丛书名: | ||
| 单 册: | ||
| 中图分类: | P981 | |
| 科图分类: | ||
| 主题词: | 世界地图-地图集 , 地图集-世界地图 , 自然地理图 | |
| 电子资源: | ||
| ISBN: | ||
| 000 | 00669nam0 2200265 45 | |
| 001 | 0178006070 | |
| 005 | 20040924170808.1 | |
| 010 | @b精装@dCNY9.75 | |
| 091 | @a12014.712 | |
| 100 | @a19950802d1978 em y0chiy0121 ea | |
| 101 | 0 | @achi |
| 102 | @aCN@b110000 | |
| 105 | @ab z 000yy | |
| 106 | @ar | |
| 200 | 10 | @a世界地图集@Ashi jie di tu ji@f地图出版社编制 |
| 205 | @a2版 | |
| 210 | @a北京@c地图出版社@d1978.05 | |
| 215 | @a85幅@d26cm | |
| 606 | @a世界地图-地图集 | |
| 606 | @a地图集-世界地图 | |
| 606 | 0 | @a自然地理图 |
| 690 | @aP981@v3 | |
| 711 | 02 | @a地图出版社@Adi tu chu ban she@4编制 |
| 801 | 0 | @aCN@bNLC@c20040923 |
| 905 | @dP981@e25@f1@b113068 | |
| 世界地图集/地图出版社编制.-2版.-北京:地图出版社,1978.05 |
| 85幅;26cm |
| ISBN (精装):CNY9.75 |
| ● |
| 相关链接 |
|
|
|
|
正题名:世界地图集
索取号:P981/25
 
预约/预借
| 序号 | 登录号 | 条形码 | 馆藏地/架位号 | 状态 | 备注 |
| 1 | 0113068 | 001962193 | 密集书库/ [索取号:P981/25] | 在馆 |